000
00236nam a2200097Ia 4500
008
230508s2000 xx 000 0 und d
041
_a
eng
100
_a
GULATI R.R.
245
_a
COMPOSIT SATELITE AND CABLE T V
260
_b
NEW AGE
_c
2000
999
_c
332009
_d
332009